<?xml version="1.0" encoding="UTF-8"?>
<record
    xmlns:xsi="http://www.w3.org/2001/XMLSchema-instance"
    xsi:schemaLocation="http://www.loc.gov/MARC21/slim http://www.loc.gov/standards/marcxml/schema/MARC21slim.xsd"
    xmlns="http://www.loc.gov/MARC21/slim">

  <leader>00691nam a2200145Ia 4500</leader>
  <controlfield tag="008">100204s9999    xx            000 0 und d</controlfield>
  <datafield tag="082" ind1=" " ind2=" ">
    <subfield code="b">25718</subfield>
  </datafield>
  <datafield tag="100" ind1=" " ind2=" ">
    <subfield code="a">&#x938;&#x941;&#x930;&#x935;&#x93E;&#x921;&#x947;      &#x935;&#x93F;&#x91C;&#x92F;      &#x938;&#x902;&#x92A;&#x93E;&#x926;&#x915;</subfield>
  </datafield>
  <datafield tag="245" ind1=" " ind2=" ">
    <subfield code="a">&#x921;&#x949;.&#x906;&#x902;&#x92C;&#x947;&#x921;&#x915;&#x930;&#x93E;&#x902;&#x91A;&#x940; &#x928;&#x93F;&#x935;&#x921;&#x915; &#x92D;&#x93E;&#x937;&#x923;&#x947; &#x92D;&#x93E;&#x917; 1 &#x932;&#x93E; 1920 &#x924;&#x947; 1936</subfield>
  </datafield>
  <datafield tag="260" ind1=" " ind2=" ">
    <subfield code="b">&#x932;&#x94B;&#x915;&#x935;&#x93E;&#x919;&#x94D;&#x92E;&#x92F;    &#x917;&#x943;&#x939;</subfield>
    <subfield code="c">2002</subfield>
  </datafield>
  <datafield tag="300" ind1=" " ind2=" ">
    <subfield code="a">228</subfield>
  </datafield>
  <datafield tag="630" ind1=" " ind2=" ">
    <subfield code="a">&#x921;&#x949;.&#x906;&#x902;&#x92C;&#x947;&#x921;&#x915;&#x930;&#x93E;&#x902;&#x91A;&#x940; &#x928;&#x93F;&#x935;&#x921;&#x915; &#x92D;&#x93E;&#x937;&#x923;&#x947; &#x92D;&#x93E;&#x917; 1 &#x932;&#x93E; 1920 &#x924;&#x947; 1936</subfield>
  </datafield>
  <datafield tag="730" ind1=" " ind2=" ">
    <subfield code="a">&#x921;&#x949;.&#x906;&#x902;&#x92C;&#x947;&#x921;&#x915;&#x930;&#x93E;&#x902;&#x91A;&#x940; &#x928;&#x93F;&#x935;&#x921;&#x915; &#x92D;&#x93E;&#x937;&#x923;&#x947; &#x92D;&#x93E;&#x917; 1 &#x932;&#x93E; 1920 &#x924;&#x947; 1936</subfield>
  </datafield>
  <datafield tag="942" ind1=" " ind2=" ">
    <subfield code="c">BOOK</subfield>
  </datafield>
  <datafield tag="999" ind1=" " ind2=" ">
    <subfield code="c">470898</subfield>
    <subfield code="d">470895</subfield>
  </datafield>
  <datafield tag="952" ind1=" " ind2=" ">
    <subfield code="0">0</subfield>
    <subfield code="1">0</subfield>
    <subfield code="4">0</subfield>
    <subfield code="7">0</subfield>
    <subfield code="a">NCKMULUND</subfield>
    <subfield code="b">NCKMULUND</subfield>
    <subfield code="d">2003-06-25</subfield>
    <subfield code="g">200.00</subfield>
    <subfield code="l">0</subfield>
    <subfield code="o">25718</subfield>
    <subfield code="p">NCKMULUND-25718</subfield>
    <subfield code="r">2010-02-04 00:00:00</subfield>
    <subfield code="v">200.00</subfield>
    <subfield code="w">2010-02-04</subfield>
    <subfield code="y">BOOK</subfield>
  </datafield>
</record>
